<?xml version="1.0" encoding="UTF-8"?>
<record
    xmlns:xsi="http://www.w3.org/2001/XMLSchema-instance"
    xsi:schemaLocation="http://www.loc.gov/MARC21/slim http://www.loc.gov/standards/marcxml/schema/MARC21slim.xsd"
    xmlns="http://www.loc.gov/MARC21/slim">

  <leader>01155 am a2200313 a 4500</leader>
  <controlfield tag="005">20240614082739.0</controlfield>
  <controlfield tag="008">100503s1994||||ag a   f |||| 001 0 spa d</controlfield>
  <datafield tag="020" ind1=" " ind2=" ">
    <subfield code="a">9500608715</subfield>
  </datafield>
  <datafield tag="041" ind1=" " ind2=" ">
    <subfield code="a">spa</subfield>
  </datafield>
  <datafield tag="092" ind1=" " ind2=" ">
    <subfield code="c">612</subfield>
    <subfield code="l">31</subfield>
    <subfield code="s">GUY</subfield>
  </datafield>
  <datafield tag="100" ind1="1" ind2=" ">
    <subfield code="a">Guyton, Arthur C.</subfield>
    <subfield code="9">252</subfield>
  </datafield>
  <datafield tag="245" ind1=" " ind2=" ">
    <subfield code="a">Anatom&#xED;a y fisiolog&#xED;a del sistema nervioso.</subfield>
    <subfield code="b">Neurociencia b&#xE1;sica / </subfield>
    <subfield code="c">Arthur C. Guyton.</subfield>
  </datafield>
  <datafield tag="250" ind1=" " ind2=" ">
    <subfield code="a">2a ed. 1a reimp.</subfield>
    <subfield code="b">Traducci&#xF3;n Diana Klayn</subfield>
  </datafield>
  <datafield tag="260" ind1=" " ind2=" ">
    <subfield code="a">Buenos Aires: </subfield>
    <subfield code="b">Editorial M&#xE9;dica Panamericana;</subfield>
    <subfield code="c">1997.</subfield>
  </datafield>
  <datafield tag="300" ind1=" " ind2=" ">
    <subfield code="a">472 p.</subfield>
  </datafield>
  <datafield tag="500" ind1=" " ind2=" ">
    <subfield code="a">Guyton, A. C. (1997). Anatom&#xED;a y fisiolog&#xED;a del sistema nervioso. Neurociencia b&#xE1;sica. (2a ed.). Buenos Aires : Editorial M&#xE9;dica Panamericana.</subfield>
  </datafield>
  <datafield tag="590" ind1=" " ind2=" ">
    <subfield code="a">Donaci&#xF3;n Cecilia Fontana, 2007</subfield>
  </datafield>
  <datafield tag="653" ind1=" " ind2=" ">
    <subfield code="a">Anatom&#xED;a macrosc&#xF3;pica</subfield>
  </datafield>
  <datafield tag="653" ind1=" " ind2=" ">
    <subfield code="a">Biof&#xED;sica de membrana y se&#xF1;ales nerviosas</subfield>
  </datafield>
  <datafield tag="653" ind1=" " ind2=" ">
    <subfield code="a">SNC: principios generales y fisiolog&#xED;a sensorial</subfield>
  </datafield>
  <datafield tag="653" ind1=" " ind2=" ">
    <subfield code="a">SNC: los sentidos especiales</subfield>
  </datafield>
  <datafield tag="653" ind1=" " ind2=" ">
    <subfield code="a">SNC: Neurofisiolog&#xED;a motora e integradora</subfield>
  </datafield>
  <datafield tag="653" ind1=" " ind2=" ">
    <subfield code="a">Control nervioso de las funciones org&#xE1;nicas</subfield>
  </datafield>
  <datafield tag="930" ind1=" " ind2=" ">
    <subfield code="a">1822</subfield>
  </datafield>
  <datafield tag="930" ind1=" " ind2=" ">
    <subfield code="a">1633</subfield>
  </datafield>
  <datafield tag="930" ind1=" " ind2=" ">
    <subfield code="a">1126</subfield>
  </datafield>
  <datafield tag="930" ind1=" " ind2=" ">
    <subfield code="a">801</subfield>
  </datafield>
  <datafield tag="942" ind1=" " ind2=" ">
    <subfield code="2">ddc</subfield>
    <subfield code="c">BK</subfield>
  </datafield>
  <datafield tag="999" ind1=" " ind2=" ">
    <subfield code="c">287</subfield>
    <subfield code="d">287</subfield>
  </datafield>
  <datafield tag="952" ind1=" " ind2=" ">
    <subfield code="0">0</subfield>
    <subfield code="1">0</subfield>
    <subfield code="2">ddc</subfield>
    <subfield code="4">0</subfield>
    <subfield code="7">0</subfield>
    <subfield code="a">BFM</subfield>
    <subfield code="b">BFM</subfield>
    <subfield code="c">CR</subfield>
    <subfield code="d">2011-05-13</subfield>
    <subfield code="l">32</subfield>
    <subfield code="m">2</subfield>
    <subfield code="o">612 31 GUY</subfield>
    <subfield code="p">1822</subfield>
    <subfield code="r">2025-09-29</subfield>
    <subfield code="s">2025-09-19</subfield>
    <subfield code="t">ej.4</subfield>
    <subfield code="w">2011-05-13</subfield>
    <subfield code="y">BK</subfield>
    <subfield code="z">Sede Tordos.</subfield>
    <subfield code="f"></subfield>
  </datafield>
  <datafield tag="952" ind1=" " ind2=" ">
    <subfield code="0">0</subfield>
    <subfield code="1">0</subfield>
    <subfield code="4">0</subfield>
    <subfield code="7">0</subfield>
    <subfield code="a">BFM</subfield>
    <subfield code="b">BFM</subfield>
    <subfield code="c">CR</subfield>
    <subfield code="d">2011-05-13</subfield>
    <subfield code="l">31</subfield>
    <subfield code="m">2</subfield>
    <subfield code="o">612 31 GUY</subfield>
    <subfield code="p">1633</subfield>
    <subfield code="r">2023-06-02</subfield>
    <subfield code="s">2023-05-30</subfield>
    <subfield code="t">ej.3</subfield>
    <subfield code="w">2011-05-13</subfield>
    <subfield code="y">BK</subfield>
  </datafield>
  <datafield tag="952" ind1=" " ind2=" ">
    <subfield code="0">0</subfield>
    <subfield code="1">0</subfield>
    <subfield code="2">ddc</subfield>
    <subfield code="4">0</subfield>
    <subfield code="7">0</subfield>
    <subfield code="a">BFM</subfield>
    <subfield code="b">BFM</subfield>
    <subfield code="c">CR</subfield>
    <subfield code="d">2011-05-13</subfield>
    <subfield code="l">6</subfield>
    <subfield code="o">612 31 GUY</subfield>
    <subfield code="p">1126</subfield>
    <subfield code="r">2025-02-27</subfield>
    <subfield code="s">2024-12-19</subfield>
    <subfield code="t">ej.2</subfield>
    <subfield code="w">2011-05-13</subfield>
    <subfield code="y">BK</subfield>
    <subfield code="z">Sede Tordos.</subfield>
    <subfield code="f"></subfield>
  </datafield>
  <datafield tag="952" ind1=" " ind2=" ">
    <subfield code="0">0</subfield>
    <subfield code="1">0</subfield>
    <subfield code="2">ddc</subfield>
    <subfield code="4">0</subfield>
    <subfield code="7">0</subfield>
    <subfield code="8">REF</subfield>
    <subfield code="a">BFM</subfield>
    <subfield code="b">BFM</subfield>
    <subfield code="c">REF</subfield>
    <subfield code="d">2011-05-13</subfield>
    <subfield code="l">2</subfield>
    <subfield code="o">612 31 GUY</subfield>
    <subfield code="p">801</subfield>
    <subfield code="r">2016-03-28</subfield>
    <subfield code="s">2016-03-23</subfield>
    <subfield code="t">ej.1</subfield>
    <subfield code="w">2011-08-18</subfield>
    <subfield code="y">REF</subfield>
    <subfield code="z">LIBRO DE CONSULTA</subfield>
  </datafield>
  <datafield tag="952" ind1=" " ind2=" ">
    <subfield code="0">0</subfield>
    <subfield code="1">0</subfield>
    <subfield code="2">ddc</subfield>
    <subfield code="4">0</subfield>
    <subfield code="7">0</subfield>
    <subfield code="a">BFM</subfield>
    <subfield code="b">BFM</subfield>
    <subfield code="c">CR</subfield>
    <subfield code="d">2017-09-27</subfield>
    <subfield code="e">Donacion</subfield>
    <subfield code="l">7</subfield>
    <subfield code="o">612.;31;GUY</subfield>
    <subfield code="p">3950</subfield>
    <subfield code="r">2023-09-29</subfield>
    <subfield code="s">2023-09-28</subfield>
    <subfield code="t">Ej. 5</subfield>
    <subfield code="w">2017-09-27</subfield>
    <subfield code="y">BK</subfield>
    <subfield code="z">Donacion Rotarac Club Cipolletti Comahue. Septiembre 2017</subfield>
  </datafield>
</record>
